<?xml version="1.0" encoding="UTF-8"?>
<record
    xmlns:xsi="http://www.w3.org/2001/XMLSchema-instance"
    xsi:schemaLocation="http://www.loc.gov/MARC21/slim http://www.loc.gov/standards/marcxml/schema/MARC21slim.xsd"
    xmlns="http://www.loc.gov/MARC21/slim">

  <leader>00571nam a2200205 i 4500</leader>
  <datafield tag="999" ind1=" " ind2=" ">
    <subfield code="c">8003</subfield>
    <subfield code="d">8003</subfield>
  </datafield>
  <controlfield tag="001">Rebiun31320430</controlfield>
  <controlfield tag="003">OSt</controlfield>
  <controlfield tag="005">20241218133719.0</controlfield>
  <controlfield tag="008">221003s2022    sp |||||r     001 | spa|d</controlfield>
  <datafield tag="017" ind1=" " ind2=" ">
    <subfield code="a">M 11502-2022</subfield>
  </datafield>
  <datafield tag="020" ind1=" " ind2=" ">
    <subfield code="a">9788441545359</subfield>
  </datafield>
  <datafield tag="040" ind1=" " ind2=" ">
    <subfield code="a">UVA </subfield>
    <subfield code="b">spa</subfield>
    <subfield code="c">CDMR</subfield>
  </datafield>
  <datafield tag="100" ind1=" " ind2=" ">
    <subfield code="a">Acconcia, Valent&#xED;</subfield>
    <subfield code="9">4996</subfield>
  </datafield>
  <datafield tag="245" ind1="1" ind2="0">
    <subfield code="a">Crowdfunding : </subfield>
    <subfield code="b">financia y lanza tu proyecto / </subfield>
    <subfield code="c">Valent&#xED; Acconcia</subfield>
  </datafield>
  <datafield tag="260" ind1=" " ind2=" ">
    <subfield code="a">Madrid : </subfield>
    <subfield code="b">Anaya Multimedia, </subfield>
    <subfield code="c">2022</subfield>
  </datafield>
  <datafield tag="300" ind1=" " ind2=" ">
    <subfield code="a">342 p. ; </subfield>
    <subfield code="c">23 cm</subfield>
  </datafield>
  <datafield tag="490" ind1="1" ind2=" ">
    <subfield code="a">Social Business</subfield>
  </datafield>
  <datafield tag="650" ind1=" " ind2="0">
    <subfield code="a">Emprenedoria</subfield>
    <subfield code="9">3077</subfield>
  </datafield>
  <datafield tag="942" ind1=" " ind2=" ">
    <subfield code="2">udc</subfield>
    <subfield code="c">MON</subfield>
  </datafield>
  <datafield tag="952" ind1=" " ind2=" ">
    <subfield code="0">0</subfield>
    <subfield code="1">0</subfield>
    <subfield code="4">0</subfield>
    <subfield code="7">0</subfield>
    <subfield code="a">CDMR</subfield>
    <subfield code="b">CDMR</subfield>
    <subfield code="d">2024-12-18</subfield>
    <subfield code="e">Donaci&#xF3;</subfield>
    <subfield code="g">22.00</subfield>
    <subfield code="l">0</subfield>
    <subfield code="o">Cm 1/44</subfield>
    <subfield code="p">CDMR22100009</subfield>
    <subfield code="r">2024-12-18</subfield>
    <subfield code="w">2024-12-18</subfield>
    <subfield code="y">MON</subfield>
  </datafield>
</record>
